Normal view MARC view
  • Payno, Manuel,

Entry Nombre Personal

Number of records used in: 19

001 - NUMERO DE CONTROL

  • campo de control: 28602

003 - IDENTIFICADOR DE NUMERO DE CONTROL

  • campo de control: MX-MxUPN

005 - FECHA Y HORA DE LA ÜLTIMA TRANSACCIÓN

  • campo de control: 20240607120329.0

008 - DATOS DE LONGITUD FIJA

  • campo de control de longitud fija: 240607nabacannaabn b aaa |d

035 ## - NUMERO DE CONTROL

  • Número de control: (OCoLC)oca01222057

040 ## - FUENTE DE CATALOGACIÓN

  • Lenguaje de catalogación: spa
  • Agencia de transcripción: DLC
  • Agencia original de catalogación: DLC
  • Agencia que lo modifica: OCoLC
  • Agencia que lo modifica: MX-MxUPN

053 #4 - NÚMERO DE CLASIFICACIÓN LC

  • Número de clasificación elemento-número único o número inicial de tramo: PQ7297 P27

100 1# - ENCABEZAMIENTO - NOMBRE PERSONAL

  • Nombre personal: Payno, Manuel,
  • Fechas asociadas con el nombre: 1810-1894

374 ## - OCUPACIÓN

  • Occupation: Político
  • Occupation: Novelista mexicano

400 1# - VEÁSE - NOMBRE DE PERSONA

  • Personal name: Payno y Flores, Manuel,
  • Dates associated with a name: 1810-1894

670 ## - FUENTE EN LA QUE SE LOCALIZARON DATOS

  • Cita de la fuente: T
  • Información localizada: Diccionario Porrúa de historia, biografía y geografía de México

670 ## - FUENTE EN LA QUE SE LOCALIZARON DATOS

  • Cita de la fuente: Autoridades LC, 07 mayo 2024 :
  • Información localizada: (Payno, Manuel, 1810-1894)
  • Uniform Resource Identifier: https://lccn.loc.gov/n84144156

680 ## - NOTA PUBLICA DE ACCESO PÚBLICO

  • Frase explicativa de la referencia: Político y novelista mexicano

902 ## - CATALOGADOR

  • Catalogador: DAA/221107
  • Catalogador: MaríaRObles/070624